000 01548nam0a22003851 4500
001 RU\NLR\Evr\181
005 20251202160538.0
035 _a(NLR Aleph) 011416594
090 _a11587587
_c11587587
100 _a20060714d1980 u y0rusy50 ca
101 0 _ayid
102 _aRU
105 _ac |||||||||
200 1 _6a01
_7ba
_aBam fenster
_eZkeynishe notitsn
_fMoyshe Altman
210 _6a01
_aMoskve
_cSovetski Pisatel
_d1980
_7ba
210 _6a01
_9z02
_aמאָסקווע
_cסאָוועטסקי פיסאטעל
_d1980
210 _9z02
_aМосква
_cСоветский писатель
_d1980
_7ca
215 _a62 с.
_cпортр.
_d17 см.
225 1 _6a01
_7ba
_aBibliotek fun "Sovetish Heymland"
_v№ 7
225 1 _6a01
_9z02
_aביבליאָטעק פון סאָוועטיש היימלאנד
_v№ 7
225 1 _7ca
_9z02
_aБиблиотека [журнала] "Советиш Геймланд"
_v№ 7
510 1 _6a01
_aבאם פענצטער
_eזקיינישע נאָטיצן
_fמוישע אלטמאן
541 1 _aУ окна
_eЗаметки старика
_zrus
700 1 _6a01
_aАльтман
_bМ.
_f1890-1981
_gМойше
_3RU\NLR\AUTH\7950687
_4070
_7ca
790 1 _6a01
_aAltman
_bM.
_f1890-
_gMoyshe
_4070
_7ba
790 1 _6a01
_aאלטמאן
_b
_f1890-
_gמשה
_4070
801 0 _aRU
_bNLR
_c20060714
_gpsbo
801 0 _aRU
_bNLR
_gPSBO
801 1 _aRU
_bNLR
_c20060714
_2rusmarc
801 2 _aRU
_bNLR
_c20061223
_2rusmarc
852 _aNLR
_bОЛСАА/идиш
_j2-2153
942 _cBOOK
980 _aNB
980 1 _aIDISH